000 00722nam a2200229 i 4500
001 44489
003 ES-MaACL
005 20250820123219.0
007 t|
008 030321s1970 sp ||||1| spa d
080 _a308(460.23)(049.3)
100 1 _aClemente, Josep Carles.
_939196
245 1 0 _aCataluña, hoy /
_cJosé Carlos Clemente ; presentación, José Meliá.
260 _aMadrid :
_bMagisterio Español,
_c[1970]
300 _a230 p. :
_bil. ;
_c18 cm.
490 1 _aNovelas y cuentos ;
_v77
650 4 _aCatalanes-
_xEntrevistas.
_9173039
700 1 _aMelià, Josep,
_d1939-2000
_9173040
830 1 0 _aNovelas y cuentos
_v77
_9179596
852 _aES-MaACL
_jC-49192
999 _c44489
_d44489